| 000 | 00655nam a2200217Ia 4500 | ||
|---|---|---|---|
| 001 | 11390 | ||
| 003 | GE_BSU | ||
| 008 | 181216s||||||||xx |||||||||||||| ||und|| | ||
| 040 | _cGE_BSU | ||
| 080 | _a634.8(479.223) | ||
| 100 | _aნუცუბიძე მ. | ||
| 245 | _aმევენახეობა აჭარაში | ||
| 245 | _cრედ: პ. ბიბილაშვილი | ||
| 260 | _aბათუმი. | ||
| 260 | _bსაბჭოთა აჭარა. | ||
| 260 | _c1976 | ||
| 300 | _a77გვ.21სმ. | ||
| 300 | _eილ.ცხრ. | ||
| 653 | _aმევენახეობა აჭარაში | ||
| 942 | _cBK | ||
| 999 |
_c44587 _d44587 |
||